000 00544 a2200193 4500
001 62108
005 20260407155914.0
008 260407a1973 arg spa d
003 AR-UNSa-BCEJYS
040 _aAR-UNSa-BCEJYS
_bspa
_cAR-UNSa-BCEJYS
080 _a349.22:331.106
_xContrato de trabajo
245 1 0 _aLa suspensión de la relación de trabajo
264 1 _aBuenos Aires :
_bAstrea
_c1973
300 _a186 p.
_c20 cm.
041 _aspa
942 _cBK
590 _aniveau_biblio:m niveau_hierar:0
100 1 _aLópez, Guillermo A.F.
999 _c7561
_d7561